Supervision exercised by states over privately controlled institutions of higher education, (Record no. 21409)
[ view plain ]
| 000 -LEADER | |
|---|---|
| fixed length control field | 01068cam a22002411 4500 |
| 001 - CONTROL NUMBER | |
| control field | e 34000635 |
| 003 - CONTROL NUMBER IDENTIFIER | |
| control field | DLC |
| 005 - DATE AND TIME OF LATEST TRANSACTION | |
| control field | 20260227111225.0 |
| 008 - FIXED-LENGTH DATA ELEMENTS--GENERAL INFORMATION | |
| fixed length control field | 860710s1934 dcu f000 0 eng |
| 010 ## - LIBRARY OF CONGRESS CONTROL NUMBER | |
| LC control number | e 34000635 |
| 035 ## - SYSTEM CONTROL NUMBER | |
| System control number | (OCoLC)27412831 |
| 040 ## - CATALOGING SOURCE | |
| Original cataloging agency | DLC |
| Transcribing agency | MdBJ |
| Modifying agency | DLC |
| 042 ## - AUTHENTICATION CODE | |
| Authentication code | premarc |
| 050 00 - LIBRARY OF CONGRESS CALL NUMBER | |
| Classification number | LC173 |
| Item number | .M25 |
| 100 1# - MAIN ENTRY--PERSONAL NAME | |
| Personal name | McNeely, John H. |
| Fuller form of name | (John Hamilton), |
| Dates associated with a name | 1884-1940. |
| 245 10 - TITLE STATEMENT | |
| Title | Supervision exercised by states over privately controlled institutions of higher education, |
| Statement of responsibility, etc. | by John H. McNeely, research assistant, Division of higher education, Office of Education ... United States Department of the interior, Harold L. Ickes, secretary. Office of education, George F. Zook, commissioner. |
| 260 ## - PUBLICATION, DISTRIBUTION, ETC. | |
| Place of publication, distribution, etc. | Washington, |
| Name of publisher, distributor, etc. | U.S. Govt. print. off., |
| Date of publication, distribution, etc. | 1934. |
| 300 ## - PHYSICAL DESCRIPTION | |
| Extent | v, 64 p. |
| Other physical details | incl. tables. |
| Dimensions | 23 cm. |
| 410 10 - SERIES STATEMENT/ADDED ENTRY--CORPORATE NAME [OBSOLETE, CAN/MARC], [LOCAL, USA] | |
| Corporate name or jurisdiction name as entry element | United States. |
| Subordinate unit | Office of Education. |
| Title of a work | Bulletin. |
| Volume number/sequential designation | 1934, no. 8 |
| 650 #0 - SUBJECT ADDED ENTRY--TOPICAL TERM | |
| Topical term or geographic name entry element | Universities and colleges |
| Geographic subdivision | United States. |
| 650 #0 - SUBJECT ADDED ENTRY--TOPICAL TERM | |
| Topical term or geographic name entry element | Education and state |
| Geographic subdivision | United States. |
| 650 #0 - SUBJECT ADDED ENTRY--TOPICAL TERM | |
| Topical term or geographic name entry element | Educational law and legislation |
| Geographic subdivision | United States. |
No items available.